000
00324nam a2200145Ia 4500
008
230312s9999||||xx |||||||||||||| ||und||
082
_a
657
_b
AFZ-A
100
_a
Ch. M Arif
245
0
_a
Accounting
260
_b
Azeem Academy
_a
Lahore
300
_a
853
546
_a
Eng.
650
_a
Accounting
_v
Accounting
942
_c
BK
999
_c
6323
_d
6323